Word Ladder: Beatles Song Quiz Stats

 Plays Quiz Updated Jan 1, 2016

Challenge
Share
Tweet
Embed
Score 0/18 Timer 02:00
1 Play Today
Clue 4-Letter Word % Correct
____ de FranceTOUR
94.2%
Owl's cryHOOT
93.7%
Car engine coverHOOD
92.7%
Not quietLOUD
91%
Window partPANE
89.5%
Horn's soundTOOT
88.9%
Beatles song: I ____ to [rung 7] [rung 13] [rung 18]●WANT●
88.8%
Opening or cavityHOLE
88.5%
Beatles song: I [rung 1] to [rung 7] ____ [rung 18]●YOUR●
88.3%
Clue 4-Letter Word % Correct
Beatles song: I [rung 1] to _____ [rung 13] [rung 18]●HOLD●
88.2%
'70s TV show: ___ of the LostLAND
87.3%
To promote somethingTOUT
85.9%
Beatles song: I [rung 1] to [rung 7] [rung 13] ____●HAND●
85%
DwindleWANE
84.1%
Refine a skillHONE
82.8%
Praise (often religious)LAUD
81.9%
Unleavened cornbreadPONE
80%
Second person contractionYOU'D
79.6%

Today's Daily Dose

You're not logged in!

Compare scores with friends on all Sporcle quizzes.
OR
Log In

You Might Also Like...

Show Comments

Extras

Top Quizzes Today


Score Distribution

Your Account Isn't Verified!

In order to create a playlist on Sporcle, you need to verify the email address you used during registration. Go to your Sporcle Settings to finish the process.

Report this User

Report this user for behavior that violates our Community Guidelines.

Details: